Analysis and design of structural connections : (Record no. 546954)

000 -LEADER
fixed length control field 00761pam a2200193 a 4500
020 ## - INTERNATIONAL STANDARD BOOK NUMBER
International Standard Book Number 0470273658 (Halted Press : lib. bdg.)
020 ## - INTERNATIONAL STANDARD BOOK NUMBER
International Standard Book Number 047027378X (Halted Press : student ed.) :
082 00 - DEWEY DECIMAL CLASSIFICATION NUMBER
Classification number 624.18341
Author Mark HOL
-- L-19, P-72
100 1# - MAIN ENTRY--PERSONAL NAME
Personal name Holmes, M.
9 (RLIN) 43155
245 10 - TITLE STATEMENT
Title Analysis and design of structural connections :
Remainder of title reinforced concrete and steel /
Statement of responsibility, etc. M. Holmes and L.H. Martin.
260 ## - PUBLICATION, DISTRIBUTION, ETC.
Place of publication, distribution, etc. Chichester, [West Sussex] :
Name of publisher, distributor, etc. Ellis Horwood ;
Place of publication, distribution, etc. New York :
Name of publisher, distributor, etc. Distributors: Halsted Press,
Date of publication, distribution, etc. 1983.
300 ## - PHYSICAL DESCRIPTION
Extent 269 p. :
Other physical details ill. ;
Dimensions 24 cm.
526 ## - STUDY PROGRAM INFORMATION NOTE
Program name 0
Interest level 0
Reading level 0
Title point value 624_183410000000000_HOL
650 #0 - SUBJECT ADDED ENTRY--TOPICAL TERM
Topical term or geographic name entry element Building, Iron and steel
General subdivision Joints.
9 (RLIN) 43040
650 #0 - SUBJECT ADDED ENTRY--TOPICAL TERM
Topical term or geographic name entry element Concrete construction
General subdivision Joints.
650 #0 - SUBJECT ADDED ENTRY--TOPICAL TERM
Topical term or geographic name entry element MCE
9 (RLIN) 379
700 1# - ADDED ENTRY--PERSONAL NAME
Personal name Martin, L. H.
9 (RLIN) 43156
942 ## - ADDED ENTRY ELEMENTS (KOHA)
Source of classification or shelving scheme
Koha item type Book
Holdings
Withdrawn status Lost status Source of classification or shelving scheme Damaged status Not for loan Permanent Location Current Location Date acquired Total Checkouts Full call number Barcode Date last seen Price effective from Koha item type
          Military College of Engineering (MCE) Military College of Engineering (MCE) 06/25/2014   624.18341 HOL MCE-24669 06/25/2014 06/25/2014 Book
© 2023 Central Library, National University of Sciences and Technology. All Rights Reserved.